000 00635nam a2200217 a 4500
003 PILC
005 20160215081750.0
008 061103s19uu xx 00 eng d
020 _a9780071107614
050 _aBF 713
_b.Z27 2007
100 _aZanden, James Vander W.
245 _aHuman development /
_cJames Vander W. Zanden.
250 _a8th edition.
260 _aBoston :
_bMcGraw-Hill, Inc,
_c2007.
300 _aI-33, 676 pages :
_bcolor illustrations ;
_c28 cm.
650 _aDevelopmental psychology.
700 _aCrandell, Thomas L.
700 _aCrandell, Corinne Haines.
942 _cBK
_2lcc
_kFOR
999 _c21726
_d21726